000 01276cam a2200325 i 4500
001 bg
003 KOSZ 005
005 20240405063114.0
008 981229s1998 pl a f |000 0 pol
015 _aPB 1999/253
020 _a8323208948
040 _aWA N
_cKOSZ 005/HR
_dKOSZ 005/HR
041 0 _apol
080 _a94"19"
080 _a(075.8)
100 1 _aCzubiński, Antoni
_d(1928-2003)
_eAutor
245 1 0 _aHistoria powszechna 1939-1997 :
_bpodręcznik dla studentów historii i nauk politycznych /
_cAntoni Czubiński, Wiesław Olszewski ; Uniwersytet im. Adama Mickiewicza w Poznaniu.
250 _aWyd. 2 popr. i poszerz.
260 _aPoznań :
_bWydaw. Naukowe UAM,
_c1998.
300 _a719 s., [1] k. tabl. złoż. kolor. :
_bmapy, wykr. ;
_c24 cm.
500 _aWyd. 1 pt. : Historia powszechna 1939-1994.
504 _aBibliogr. s. 703-714.
650 4 _aHistoria
_y20 w.
655 4 _aPodręczniki akademickie
648 4 _a1901-2000
710 2 _aUniwersytet im. Adama Mickiewicza w Poznaniu.
_bWydawnictwo Naukowe.
_4pbl.
700 1 _aOlszewski, Wiesław
_d(1956-2015)
_eAutor
856 _uhttp://koha.tu.koszalin.pl/cgi-bin/koha/opac-detail.pl?biblionumber=36061
_yKatalog online BPK
942 _2UKD
_cKS
999 _c36061
_d36061